| 000 | 00752nam a22002057a 4500 | ||
|---|---|---|---|
| 999 |
_c23606 _d23606 |
||
| 003 | NUST | ||
| 005 | 20170519121725.0 | ||
| 008 | 110406t xxu||||| |||| 00| 0 eng d | ||
| 040 |
_cRCMS _aDLC _bDLC |
||
| 050 | _a001.5 HIJ | ||
| 082 | _a001.5 HIJ | ||
| 100 |
_aProf. Dr. M.A. Hijazi _990 |
||
| 245 | _aMass COmmunication Theory &Practice | ||
| 260 |
_aLAHORE _bMiskeen Ali Hijazi _c2004 |
||
| 300 | _a349p | ||
| 538 | _iShelf # 13, Row # 2, Fiction. | ||
| 546 | _aENGLISH | ||
| 563 | _aHB C | ||
| 650 |
_aMass Communication _991 |
||
| 942 |
_2ddc _cBK _h001.5 HIJ |
||